| LEADER |
00815nlm0a2200205 450 |
| 001 |
16855724 |
| 010 |
|
|
|a 370-0724902662
|b Br.
|d 68
|
| 100 |
|
|
|a 20211231d2017 u u0frey01 ba
|
| 101 |
1 |
|
|a fre
|c fre
|
| 200 |
0 |
|
|a Arthur - La trilogie
|f Luc Besson
|g D'après les romans de Luc Besson et Céline Garcia.
|
| 205 |
|
|
|a 1ère édition : 2006
|
| 207 |
|
1 |
|a
|
| 210 |
|
|
|a USA
|c EuropaCorp
|d 2017
|
| 215 |
|
|
|a DVD 9 / 4H56 min
|c Dolby Digital 5.1 et 2.0
|e Contient 3 DVD
|
| 327 |
|
|
|a 6-10 ans
|
| 330 |
|
|
|a 3 films : Arthur et les Minimoys / Arthur et la vengeance de Maltazard / Arthur 3 - La guerre des deux mondes.
|
| 700 |
|
0 |
|a Besson
|b Luc
|4 0
|
| 900 |
|
|
|a Dessin Animé
|
| 901 |
|
|
|a Jeunesse
|
| 995 |
|
|
|a Médiathèque
|c Médiathèque
|f 089018518
|h 089018518
|k EA ART
|o p
|q j
|r gf
|u Boîtier de prêt indirect : 23
|e Médiathèque
|